Discover science / (Record no. 112924)
[ view plain ]
| 000 -LEADER | |
|---|---|
| fixed length control field | 00475nam a2200169 a 4500 |
| 001 - CONTROL NUMBER | |
| control field | 1107 |
| 005 - DATE AND TIME OF LATEST TRANSACTION | |
| control field | 20140414131956.0 |
| 008 - FIXED-LENGTH DATA ELEMENTS--GENERAL INFORMATION | |
| fixed length control field | 041020s19uu xx 00 eng d |
| 020 ## - INTERNATIONAL STANDARD BOOK NUMBER | |
| International Standard Book Number | 0-673-42061-2 |
| 050 ## - LIBRARY OF CONGRESS CALL NUMBER | |
| Classification number | TR 372.3 |
| Item number | C66 1989 |
| 100 ## - MAIN ENTRY--PERSONAL NAME | |
| Personal name | Cohen, Michael R. |
| 245 ## - TITLE STATEMENT | |
| Title | Discover science / |
| Statement of responsibility, etc | by Dr. Michael R. Cohen. |
| 260 ## - PUBLICATION, DISTRIBUTION, ETC. (IMPRINT) | |
| Place of publication, distribution, etc | Glenview, Illinois : |
| Name of publisher, distributor, etc | Scott, Foresman, |
| Date of publication, distribution, etc | 1989. |
| 300 ## - PHYSICAL DESCRIPTION | |
| Extent | 244 p. ; cm. |
| 650 ## - SUBJECT ADDED ENTRY--TOPICAL TERM | |
| Topical term or geographic name as entry element | Science |
| General subdivision | Study and teaching. |
| Withdrawn status | Lost status | Damaged status | Use restrictions | Home library | Current library | Shelving location | Date acquired | Source of acquisition | Total Checkouts | Full call number | Barcode | Date last seen | Price effective from | Koha item type |
|---|---|---|---|---|---|---|---|---|---|---|---|---|---|---|
| Munich Library | Munich Library | Teachers Reference Section | 10/20/2004 | TR 372.3 C66 1989 | M4344 | 04/14/2014 | 04/14/2014 | Books |